[Event "SLO-chT3 West"]
[Site "Komenda"]
[Date "2017.12.09"]
[Round "3.4"]
[White "Novak, Anze"]
[Black "Jese, Janez"]
[Result "1-0"]
[WhiteElo "1657"]
[BlackElo "1860"]
[PlyCount "87"]
[EventDate "2017.12.08"]
[EventType "team-swiss"]
[EventRounds "5"]
[EventCountry "SLO"]
[SourceTitle "EXT 2019"]
[Source "ChessBase"]
[SourceDate "2018.10.10"]
[SourceVersion "1"]
[SourceVersionDate "2018.10.10"]
[SourceQuality "1"]
[WhiteTeam "Komenda Pogi"]
[BlackTeam "Visnja Gora Sticna"]
[WhiteTeamCountry "SLO"]
[BlackTeamCountry "SLO"]

1. d4 Nf6 2. Nf3 e6 3. g3 c5 4. Bg2 Nc6 5. 0-0 d5 6. c4 dxc4 7. dxc5 Qxd1 8. Rxd1 Bxc5 9. Na3 Ne4 10. e3 Bxa3 11. bxa3 0-0 12. Nd4 Nc3 13. Rd2 Nxd4 14. exd4 Rd8 15. Rc2 Nb5 16. Rxc4 Nxd4 17. Be3 e5 18. Kf1 Be6 19. Rc5 f6 20. Bxb7 Rab8 21. Ba6 Bh3+ 22. Kg1 Nf3+ 23. Kh1 Rd7 24. Bc8 Rxc8 25. Rxc8+ Kf7 26. Rac1 Be6 27. R8c7 Rxc7 28. Rxc7+ Kg6 29. Rxa7 Bxa2 30. Kg2 Bd5 31. a4 Nd2+ 32. Kg1 Nf3+ 33. Kg2 Nd2+ 34. Kh3 Nf3 35. g4 Ng1+ 36. Kg3 Ne2+ 37. Kh4 Ng1 38. f4 Nf3+ 39. Kg3 exf4+ 40. Bxf4 Nd4 41. Kf2 Ne6 42. Be3 h5 43. gxh5+ Kxh5 44. Ra5 1-0

[Event "Ljubljana op 2nd"]
[Site "Ljubljana"]
[Date "2014.05.20"]
[Round "6"]
[White "Novak, Anze"]
[Black "Jelen, Miha"]
[Result "1/2-1/2"]
[WhiteElo "1677"]
[BlackElo "1533"]
[PlyCount "88"]
[EventDate "2014.04.02"]
[EventType "swiss"]
[EventRounds "9"]
[EventCountry "SLO"]
[SourceTitle "EXT 2023"]
[Source "ChessBase"]
[SourceDate "2022.10.05"]
[SourceVersion "1"]
[SourceVersionDate "2022.10.05"]
[SourceQuality "1"]

1. d4 d5 2. c4 e6 3. Nc3 c5 4. cxd5 exd5 5. e3 Nf6 6. Nf3 Nc6 7. g3 Be7 8. Bg2 Be6 9. 0-0 0-0 10. Re1 h6 11. a3 a5 12. dxc5 Bxc5 13. Nb5 Qb6 14. Nbd4 Bg4 15. Qd3 Rfe8 16. Nxc6 bxc6 17. Nd2 a4 18. b3 Nd7 19. b4 Be7 20. Bb2 Bf6 21. Bxf6 Nxf6 22. Qd4 Qxd4 23. exd4 Nh7 24. Nf3 Bxf3 25. Bxf3 Ng5 26. Kg2 Rxe1 27. Rxe1 Ne6 28. Rd1 Kf8 29. Bg4 Nc7 30. Be2 Re8 31. Kf1 Ke7 32. Rd2 Kd6 33. Bd1 Nb5 34. Rd3 Ra8 35. f3 Nc7 36. Kf2 Na6 37. Rd2 Nb8 38. Bc2 Nd7 39. Bd1 Nb6 40. Be2 Nc4 41. Rd3 Re8 42. Bd1 Nb6 43. Rd2 Nc4 44. Rd3 Nb6 1/2-1/2

[Event "Ljubljana op 2nd"]
[Site "Ljubljana"]
[Date "2014.05.08"]
[Round "5"]
[White "Varga, Ivan"]
[Black "Novak, Anze"]
[Result "0-1"]
[WhiteElo "1461"]
[BlackElo "1677"]
[PlyCount "52"]
[EventDate "2014.04.02"]
[EventType "swiss"]
[EventRounds "9"]
[EventCountry "SLO"]
[SourceTitle "EXT 2023"]
[Source "ChessBase"]
[SourceDate "2022.10.05"]
[SourceVersion "1"]
[SourceVersionDate "2022.10.05"]
[SourceQuality "1"]

1. Nf3 c6 2. c4 d5 3. d4 Nf6 4. e3 g6 5. Nc3 Bg7 6. Bd2 0-0 7. h4 Nbd7 8. g4 Nxg4 9. h5 e5 10. e4 exd4 11. Nxd4 Bxd4 12. Qxg4 Ne5 13. Qg2 Nxc4 14. 0-0-0 Nxd2 15. Rxd2 Bxc3 16. bxc3 Qf6 17. Kb2 dxe4 18. hxg6 fxg6 19. Qxe4 Bf5 20. Bc4+ Kh8 21. Qg2 Rad8 22. Re2 Rfe8 23. Qh2 Rxe2+ 24. Kb3 Bc2+ 25. Kb4 Qe7+ 26. Ka5 Qa3# 0-1